000 00696nam a2200217Ia 4500
008 191130s2008##################000#0#eng##
020 _a9780763741174
040 _aACL
_cACL
082 _a618.2 MAD
100 _aMadara, Bernadette
245 _aObstetric and pediatric pathophysiology
_cBernadette Madara; Carol T Avery; Vanessa Pomarico-Denino; Linda Wagner; et al
260 _aSudbury, MA
_bJones and Bartlett Publishers
_c2008
300 _axi, 557 p. : ill. ; 23 cm
500 _aIncludes Index
650 _aGynecologic nursing
650 _aMaternity nursing
650 _aPediatric Nursing
990 _aea3946ccac10000c0605897ba6df938d
991 _a71055
999 _c25254
_d25254